| 000 | 00592nam a2200205 a 4500 | ||
|---|---|---|---|
| 005 | 20230921063549.0 | ||
| 008 | 060807s1987 mx 000 0 spa d | ||
| 020 | _a9684050623 | ||
| 035 | _aUPN01000147835 | ||
| 049 | _aCG | ||
| 050 | 4 |
_aBF353 _bC3.6 |
|
| 100 | 1 | _aCanter, David | |
| 245 | 1 | 0 |
_aPsicología de lugar / _cDavid Canter ; tr. Mercedes Martínez Dozal. |
| 260 |
_aMéxico : _bConcepto, _c1987. |
||
| 300 |
_a250 p. : _bil. |
||
| 534 |
_pTítulo original: _tThe psychology of place |
||
| 650 | 2 |
_aPsicología ambiental _915638 |
|
| 650 | 4 |
_aCognición _96446 |
|
| 905 | _aLibro | ||
| 999 |
_c119977 _d119977 |
||